000 00779nam a22001217a 4500
040 _cRUA
082 _aLMA CHO 2024 B640 Or.1
100 _aCHOUN CHANMARYNET, ឈួន ច័ន្ទម៉ារីណែត
245 _aStudy on land use planning focusing on road infrastructructure in sangkat andoung khmer,kampot municipality, kampot province,សិក្សាពីការរៀបចំផែនការប្រើប្រាស់ដី ដោយផ្ដោតលើហេដ្ឋារចនាសម្ព័ន្ធផ្លូវថ្នល់នៅក្នុងសង្កាត់អណ្ដូងខ្មែរ ក្រុងកំពត ខេត្តកំពត
260 _aPHNOM PENH
_bRUA
_c2024
300 _aX,
_bILL,
_c29CM,
942 _cLMA
999 _c25158
_d25158